Who Scored The Goal? (Turkiye) EURO 2024 - Statistics

General Stats
  • This quiz has been taken 150 times
  • The average score is 9 of 16
Answer Stats
Matches Scorer % Correct
Turkiye - Georgia65' 2-1 Arda Güler
96%
Turkiye - Georgia25' 1-0 Mert Müldür
94%
Turkiye - Georgia90+7' 3-1 Kerem Aktürkoğlu
88%
Austria - Turkiye1' 0-1 Merih Demiral
77%
Austria - Turkiye59' 0-2 Merih Demiral
74%
Czechia - Turkiye90+4' 1-2 Cenk Tosun
72%
Czechia - Turkiye51' 0-1 Hakan Çalhanoğlu
70%
Netherlands - Turkiye35' 0-1 Samet Akaydin
69%
Turkiye - Georgia32' 1-1 Georges Mikautadze
64%
Turkiye - Portugal21' 0-1 Bernardo Silva
53%
Turkiye - Portugal56' 0-3 Bruno Fernandes
47%
Czechia - Turkiye66' 1-1 Tomas Soucek
31%
Turkiye - Portugal28' 0-2 Samet Akaydin (OG)
30%
Netherlands - Turkiye70' 1-1 Stefan de Vrij
26%
Netherlands - Turkiye76' 2-1 Mert Müldür (OG)
19%
Austria - Turkiye66' 1-2 Michael Gregoritsch
14%
No matching quizzes found
Score Distribution
Percent of People with Each Score
Percentile by Number Answered
Your Score History
You have not taken this quiz